[Event "XXVI Ogolnopolska Olimpiada Mlodziezy"]
[Site "Pulawy"]
[Date "2020.10.06"]
[Round "2.23"]
[White "Glaz, Michal"]
[Black "Dobosiewicz, Dawid"]
[Result "1-0"]
[WhiteElo "1180"]
[BlackElo "1390"]
[PlyCount "41"]
[EventDate "2020.10.04"]
[EventType "swiss"]
[Tiebreak "Sum of Buchholz+Median1 Buchholz+Sonneborn-Berger (Swiss)"]

1. e4 c5 2. Nf3 e6 3. d4 cxd4 4. Nxd4 Nc6 5. Nc3 Qc7 6. Be3 a6 7. Qd2 Nf6 8.
O-O-O Bb4 9. f3 Ne5 10. Kb1 b5 11. Bf2 Nc4 12. Bxc4 bxc4 13. g4 Qa5 14. Nde2
O-O 15. h4 Rb8 16. h5 d5 17. g5 dxe4 18. gxf6 exf3 19. Rhg1 g6 20. Qh6 Bxc3 21.
Qg7# 1-0

[Event "XXVI Ogolnopolska Olimpiada Mlodziezy"]
[Site "Pulawy"]
[Date "2020.10.06"]
[Round "2.23"]
[White "Kicinska, Anna"]
[Black "Duda, Aleksandra"]
[Result "1-0"]
[WhiteElo "1170"]
[BlackElo "1046"]
[PlyCount "93"]
[EventDate "2020.10.04"]
[EventType "swiss"]
[Tiebreak "Sum of Buchholz+Median1 Buchholz+Sonneborn-Berger (Swiss)"]

1. d4 d5 2. Nf3 Bf5 3. Bg5 c6 4. e3 Qb6 5. Qc1 e6 6. Nbd2 Be7 7. Bxe7 Nxe7 8.
Be2 h6 9. O-O O-O 10. c4 Nd7 11. c5 Qc7 12. Qc3 b6 13. cxb6 axb6 14. b4 c5 15.
bxc5 bxc5 16. dxc5 Qxc5 17. Qxc5 Nxc5 18. Rfc1 Ne4 19. Nxe4 Bxe4 20. a4 Rfc8
21. Rxc8+ Rxc8 22. a5 Nc6 23. a6 Kf8 24. Nd4 Na7 25. Nb5 Nxb5 26. Bxb5 d4 27.
exd4 Ke7 28. f3 Bd5 29. Kf2 Kd6 30. Ke3 Kc7 31. Rc1+ Kb8 32. a7+ Kb7 33. Ba6+
Kxa6 34. Rxc8 Kxa7 35. Rg8 g6 36. Rg7 e5 37. dxe5 Be6 38. h3 h5 39. g4 hxg4 40.
fxg4 Kb6 41. Kf4 Kc6 42. h4 Kd7 43. h5 Ke7 44. hxg6 Kf8 45. Rxf7+ Bxf7 46. gxf7
Kxf7 47. Kf5 1-0

[Event "XXVI Ogolnopolska Olimpiada Mlodziezy"]
[Site "Pulawy"]
[Date "2020.10.06"]
[Round "2.23"]
[White "Lajdamik, Anna"]
[Black "Pieczewska, Jadwiga"]
[Result "1-0"]
[WhiteElo "1292"]
[BlackElo "1060"]
[PlyCount "99"]
[EventDate "2020.10.04"]
[EventType "swiss"]
[Tiebreak "Sum of Buchholz+Median1 Buchholz+Sonneborn-Berger (Swiss)"]

1. e4 e6 2. d4 d5 3. e5 c5 4. c3 Nc6 5. Nf3 Qb6 6. Bd3 Nge7 7. dxc5 Qc7 8. O-O
Nxe5 9. Nxe5 Qxe5 10. Bb5+ Nc6 11. Re1 Qc7 12. Qxd5 Be7 13. Qe4 Bxc5 14. Be3
Bd6 15. h3 Bd7 16. Nd2 a6 17. Ba4 b5 18. Bc2 Rd8 19. Nf3 Ne7 20. Rad1 Ng6 21.
Qd4 Be5 22. Nxe5 Qxe5 23. Qa7 Qh5 24. Bb6 Qg5 25. Bxd8 Qxd8 26. Bxg6 hxg6 27.
Rd4 O-O 28. Rxd7 Qf6 29. Qxa6 b4 30. cxb4 Qxb2 31. b5 Qc3 32. Red1 Qc4 33. a4
g5 34. Qa7 g4 35. hxg4 Qxg4 36. b6 f5 37. b7 f4 38. Rd8 Rxd8 39. Rxd8+ Kh7 40.
b8=R f3 41. Rh8+ Kg6 42. Qxg7+ Kxg7 43. Rhg8+ Kf6 44. Rxg4 fxg2 45. a5 e5 46.
a6 Kf5 47. Rc4 e4 48. Rb5+ Kf4 49. Kxg2 Kg4 50. Rxe4# 1-0

[Event "XXVI Ogolnopolska Olimpiada Mlodziezy"]
[Site "Pulawy"]
[Date "2020.10.06"]
[Round "2.23"]
[White "Malinowski, Szymon"]
[Black "Serewa, Antoni"]
[Result "1/2-1/2"]
[WhiteElo "1740"]
[BlackElo "1447"]
[PlyCount "153"]
[EventDate "2020.10.04"]
[EventType "swiss"]
[Tiebreak "Sum of Buchholz+Median1 Buchholz+Sonneborn-Berger (Swiss)"]

1. d4 Nf6 2. Nf3 g6 3. Bg5 Bg7 4. Nbd2 O-O 5. e4 d5 6. e5 Ne4 7. Bf4 c5 8. c3
cxd4 9. cxd4 Nc6 10. Bd3 Bf5 11. Nb3 f6 12. exf6 Bxf6 13. O-O Bg4 14. Be3 b6
15. Be2 Qd6 16. h3 Be6 17. Rc1 Bg7 18. Ng5 Nxg5 19. Bxg5 Bd7 20. Bf3 a5 21. Bh4
e6 22. Bg3 Qb4 23. a3 Qa4 24. Re1 Nxd4 25. Nxd4 Qxd4 26. Qxd4 Bxd4 27. Rc7 Rf7
28. Bg4 Re8 29. b4 axb4 30. axb4 h5 31. Bf3 Ra8 32. Be5 Bxe5 33. Rxe5 Ra4 34.
b5 Ra1+ 35. Kh2 d4 36. Bc6 d3 37. Rxd7 Rxd7 38. Bxd7 d2 39. Bxe6+ Kg7 40. Bb3
d1=Q 41. Bxd1 Rxd1 42. Re6 Rd2 43. Kg3 Rd3+ 44. f3 Rd2 45. Rxb6 h4+ 46. Kh2 Rb2
47. Rb8 Kh7 48. b6 Kg7 49. b7 Kh7 50. Kg1 Kg7 51. Kf1 Rb1+ 52. Kf2 Rb2+ 53. Ke3
Rb4 54. f4 Rb3+ 55. Ke4 Rb4+ 56. Kf3 Rb3+ 57. Kg4 Rb4 58. Kg5 Kh7 59. Rc8 Rxb7
60. Kxh4 Kg7 61. Rc6 Rb5 62. g4 Ra5 63. Rc7+ Kg8 64. g5 Kh8 65. Kg4 Ra1 66. Kf3
Ra3+ 67. Ke4 Rxh3 68. Ke5 Rf3 69. Kf6 Rxf4+ 70. Kxg6 Rf8 71. Kh6 Ra8 72. g6 Rb8
73. Kg5 Kg8 74. Re7 Ra8 75. Kf6 Rf8+ 76. Kg5 Rb8 77. Rf7 1/2-1/2

[Event "XXVI Ogolnopolska Olimpiada Mlodziezy"]
[Site "Pulawy"]
[Date "2020.10.06"]
[Round "2.24"]
[White "Duda, Leon"]
[Black "Stepinski, Piotr"]
[Result "1-0"]
[WhiteElo "1388"]
[BlackElo "1197"]
[PlyCount "73"]
[EventDate "2020.10.04"]
[EventType "swiss"]
[Tiebreak "Sum of Buchholz+Median1 Buchholz+Sonneborn-Berger (Swiss)"]

1. e4 e6 2. d4 d5 3. exd5 exd5 4. Nf3 Bd6 5. c4 c6 6. Nc3 Nf6 7. Bg5 Be6 8.
cxd5 cxd5 9. Bb5+ Nbd7 10. Ne5 O-O 11. Bxd7 Bxd7 12. O-O Be6 13. Qf3 Be7 14.
Rac1 a6 15. h3 h6 16. Bh4 Rc8 17. Nd3 g5 18. Bg3 Kg7 19. Be5 Bd6 20. Na4 Bxe5
21. Nxe5 Nd7 22. Nxd7 Qxd7 23. Nb6 Rxc1 24. Nxd7 Rxf1+ 25. Kxf1 Bxd7 26. Qxd5
Bc6 27. Qf5 Rd8 28. Qe5+ Kg6 29. f4 Rd5 30. f5+ Kh7 31. Qf6 Kg8 32. g4 Rd7 33.
Qxh6 Rxd4 34. f6 Bb5+ 35. Kf2 Rd2+ 36. Ke1 Re2+ 37. Kd1 1-0

[Event "XXVI Ogolnopolska Olimpiada Mlodziezy"]
[Site "Pulawy"]
[Date "2020.10.06"]
[Round "2.24"]
[White "Para, Aleksandra"]
[Black "Nowak, Zuzanna"]
[Result "1-0"]
[WhiteElo "1191"]
[BlackElo "1292"]
[PlyCount "119"]
[EventDate "2020.10.04"]
[EventType "swiss"]
[Tiebreak "Sum of Buchholz+Median1 Buchholz+Sonneborn-Berger (Swiss)"]

1. e4 e5 2. Nf3 Nc6 3. Bc4 Nf6 4. d3 h6 5. O-O d6 6. c3 g6 7. d4 exd4 8. cxd4
d5 9. exd5 Nxd5 10. Re1+ Be6 11. Bb3 Bg7 12. Nc3 O-O 13. Be3 Qd7 14. Qd2 Kh7
15. Rad1 Rfe8 16. Ne4 Nce7 17. Nc5 Qc6 18. Nxe6 Qxe6 19. Bf4 Qb6 20. Re2 Nxf4
21. Qxf4 Qb5 22. Rde1 Nd5 23. Qd2 Rxe2 24. Qxe2 Qxe2 25. Rxe2 Nf4 26. Rd2 Kg8
27. g3 Nh5 28. Ne5 Rf8 29. Nxg6 Rd8 30. Ne7+ Kf8 31. Nf5 Nf6 32. f3 Nd7 33.
Nxg7 Kxg7 34. f4 Nc5 35. Bc2 Ne6 36. d5 Nc5 37. b4 Nd7 38. d6 c6 39. Kf2 Nf6
40. Bf5 Nd5 41. d7 Nxb4 42. Rb2 Kf6 43. Rxb4 Kxf5 44. Rxb7 Ke6 45. Rxa7 Rxd7
46. Rxd7 Kxd7 47. Ke3 c5 48. Kd3 Kc7 49. Kc4 Kc6 50. a4 Kd6 51. a5 Kc6 52. a6
Kb6 53. a7 Kxa7 54. Kxc5 Kb7 55. Kd6 Kc8 56. Ke7 f5 57. Kf6 Kd7 58. Kxf5 Ke7
59. Kg6 Kf8 60. f5 1-0

[Event "XXVI Ogolnopolska Olimpiada Mlodziezy"]
[Site "Pulawy"]
[Date "2020.10.06"]
[Round "2.24"]
[White "Zeissel, Andrzej"]
[Black "Grzadka, Artur"]
[Result "0-1"]
[WhiteElo "1437"]
[BlackElo "1723"]
[PlyCount "92"]
[EventDate "2020.10.04"]
[EventType "swiss"]
[Tiebreak "Sum of Buchholz+Median1 Buchholz+Sonneborn-Berger (Swiss)"]

1. e4 c6 2. d4 d5 3. exd5 cxd5 4. Bd3 Nc6 5. c3 g6 6. Bf4 Bf5 7. Bxf5 gxf5 8.
Qb3 Qd7 9. Nf3 Bg7 10. O-O e6 11. Nbd2 Nge7 12. h3 O-O 13. Rfe1 Ng6 14. Bh2 Kh8
15. Re2 Rg8 16. Nf1 Bf6 17. Ne3 Rac8 18. Kh1 Na5 19. Qd1 Nc4 20. Nxc4 Rxc4 21.
Ne5 Nxe5 22. Bxe5 Bxe5 23. Rxe5 Qb5 24. Qd2 Rcc8 25. Rae1 Qc4 26. a3 Rg6 27. h4
Rcg8 28. g3 Qc8 29. Qe3 Qd8 30. Kh2 Rg4 31. Qh6 R8g6 32. Qh5 Qb6 33. R1e2 Kg7
34. Kh3 Rh6 35. Qxh6+ Kxh6 36. f3 Rg6 37. g4 fxg4+ 38. fxg4 Kg7 39. h5 Rf6 40.
g5 Rf1 41. g6 hxg6 42. hxg6 Kxg6 43. Kg2 Rb1 44. b4 Rb3 45. R5e3 Qc7 46. Rf2
Rxc3 0-1

[Event "XXVI Ogolnopolska Olimpiada Mlodziezy"]
[Site "Pulawy"]
[Date "2020.10.06"]
[Round "2.25"]
[White "Gawlik, Olivier"]
[Black "Musin, Pawel"]
[Result "0-1"]
[WhiteElo "1115"]
[BlackElo "1372"]
[PlyCount "98"]
[EventDate "2020.10.04"]
[EventType "swiss"]
[Tiebreak "Sum of Buchholz+Median1 Buchholz+Sonneborn-Berger (Swiss)"]

1. d4 d5 2. c4 e6 3. Nc3 Nf6 4. Bg5 Be7 5. Nf3 b6 6. e3 Bb7 7. cxd5 Nxd5 8.
Bxe7 Qxe7 9. Nxd5 exd5 10. Bb5+ c6 11. Bd3 Nd7 12. O-O O-O 13. Rc1 Rac8 14. Qa4
a6 15. Rc3 c5 16. Bf5 b5 17. Qc2 cxd4 18. Nxd4 Rxc3 19. Qxc3 Rc8 20. Qd2 g6 21.
Bc2 Ne5 22. Bb3 Qh4 23. h3 Nc4 24. Qe2 f5 25. Re1 Re8 26. Qf3 Re7 27. Kh2 f4
28. g3 fxg3+ 29. fxg3 Qe4 30. Qxe4 Rxe4 31. Bxc4 dxc4 32. Kg1 Kf7 33. Kf2 Re8
34. Ke2 Be4 35. Rf1+ Ke7 36. Rf4 Bd3+ 37. Kd2 g5 38. Rf2 Rc8 39. b3 Bb1 40. Kc1
Bxa2 41. Nf5+ Kd7 42. Rd2+ Ke6 43. g4 cxb3+ 44. Kb2 Ke5 45. Rd7 Rc2+ 46. Ka1 b4
47. Re7+ Kf6 48. e4 Rc1+ 49. Kb2 Rb1# 0-1

[Event "XXVI Ogolnopolska Olimpiada Mlodziezy"]
[Site "Pulawy"]
[Date "2020.10.06"]
[Round "2.25"]
[White "Kutowski, Marcel"]
[Black "Kuczynski, Michal"]
[Result "1-0"]
[WhiteElo "1712"]
[BlackElo "1341"]
[PlyCount "47"]
[EventDate "2020.10.04"]
[EventType "swiss"]
[Tiebreak "Sum of Buchholz+Median1 Buchholz+Sonneborn-Berger (Swiss)"]

1. e4 c6 2. Nf3 d5 3. Nc3 dxe4 4. Nxe4 Bf5 5. Ng3 Bg6 6. h4 h6 7. Ne5 Bh7 8.
Qh5 g6 9. Qf3 Nf6 10. Qb3 e6 11. Qxb7 Nbd7 12. Nxc6 Qc8 13. Ba6 Nb6 14. Qxc8+
Rxc8 15. Bxc8 Nxc8 16. d3 Bc5 17. Be3 Bd6 18. Ne4 Nxe4 19. dxe4 a6 20. O-O-O
O-O 21. Bxh6 Re8 22. Be3 Bf8 23. e5 Bg7 24. f4 1-0

[Event "XXVI Ogolnopolska Olimpiada Mlodziezy"]
[Site "Pulawy"]
[Date "2020.10.06"]
[Round "2.26"]
[White "Drzewiecki, Milosz"]
[Black "Karut, Kacper"]
[Result "1-0"]
[WhiteElo "1246"]
[BlackElo "1657"]
[PlyCount "52"]
[EventDate "2020.10.04"]
[EventType "swiss"]
[Tiebreak "Sum of Buchholz+Median1 Buchholz+Sonneborn-Berger (Swiss)"]

1. e4 c5 2. Nf3 d6 3. d4 cxd4 4. Nxd4 Nf6 5. Nc3 Nc6 6. Be3 Ng4 7. Bb5 Nxe3 8.
Nxc6 Nxd1 9. Nxd8+ Kxd8 10. Rxd1 a6 11. Bc4 e6 12. O-O Kc7 13. f4 b5 14. Bb3
Bd7 15. f5 b4 16. Ne2 Bb5 17. fxe6 Bxe2 18. Rxf7+ Kd8 19. Rd2 Bh5 20. Rd7+ Kc8
21. Rd4 Be8 22. Rc4+ Kb8 23. Rxb4+ Kc8 24. Rc4+ Kb8 25. Rd8+ Kb7 26. Rb4+ Ka7
1-0

[Event "XXVI Ogolnopolska Olimpiada Mlodziezy"]
[Site "Pulawy"]
[Date "2020.10.06"]
[Round "2.26"]
[White "Micula, Jakub"]
[Black "Tarlowski, Bartosz"]
[Result "0-1"]
[WhiteElo "1370"]
[BlackElo "1145"]
[PlyCount "62"]
[EventDate "2020.10.04"]
[EventType "swiss"]
[Tiebreak "Sum of Buchholz+Median1 Buchholz+Sonneborn-Berger (Swiss)"]

1. c4 e5 2. Nc3 Nf6 3. g3 d5 4. cxd5 Nxd5 5. Bg2 Be6 6. Nf3 Nc6 7. Qa4 f6 8.
O-O Qd7 9. d3 O-O-O 10. Bd2 g5 11. a3 Nb6 12. Qc2 Bh3 13. b4 Bxg2 14. Kxg2 g4
15. Ne1 h5 16. b5 Nd4 17. Qb2 h4 18. Nc2 Bc5 19. a4 hxg3 20. hxg3 Nxe2 21. Nxe2
Qxd3 22. Ng1 Qxd2 23. Rad1 Qh6 24. Rxd8+ Rxd8 25. Qb3 f5 26. Rb1 f4 27. a5 f3+
28. Kf1 Qd2 29. Ne3 Bxe3 30. fxe3 Qg2+ 31. Ke1 Qxg1# 0-1

[Event "XXVI Ogolnopolska Olimpiada Mlodziezy"]
[Site "Pulawy"]
[Date "2020.10.06"]
[Round "3.1"]
[White "Bukala, Weronika"]
[Black "Starosta, Martyna"]
[Result "0-1"]
[WhiteElo "1704"]
[BlackElo "2046"]
[PlyCount "58"]
[EventDate "2020.10.04"]
[EventType "swiss"]
[Tiebreak "Sum of Buchholz+Median1 Buchholz+Sonneborn-Berger (Swiss)"]

1. d4 Nf6 2. Bg5 Ne4 3. Bh4 c5 4. f3 g5 5. fxe4 gxh4 6. e3 Bh6 7. Qd3 Qb6 8. b3
Nc6 9. c3 cxd4 10. exd4 e5 11. d5 Ne7 12. Nd2 Ng6 13. Nc4 Qf6 14. Qf3 Qe7 15.
d6 Qd8 16. Nh3 O-O 17. Qh5 Kg7 18. Nxe5 Qa5 19. b4 Qxe5 20. Qf3 Qxd6 21. Rd1
Qf6 22. Qxf6+ Kxf6 23. Bc4 Ke7 24. O-O d6 25. Nf2 Be6 26. Bd5 Bxd5 27. exd5
Rac8 28. Rfe1+ Kd7 29. Ne4 f5 0-1

[Event "XXVI Ogolnopolska Olimpiada Mlodziezy"]
[Site "Pulawy"]
[Date "2020.10.06"]
[Round "3.1"]
[White "Dziewonski, Dariusz"]
[Black "Klimkowski, Jan"]
[Result "0-1"]
[WhiteElo "2014"]
[BlackElo "2298"]
[PlyCount "90"]
[EventDate "2020.10.04"]
[EventType "swiss"]
[Tiebreak "Sum of Buchholz+Median1 Buchholz+Sonneborn-Berger (Swiss)"]

1. e4 c5 2. Nf3 d6 3. d4 cxd4 4. Nxd4 Nf6 5. Nc3 a6 6. Nb3 g6 7. f3 Bg7 8. Be3
O-O 9. Qd2 Nc6 10. O-O-O Be6 11. h4 Ne5 12. Nd5 b5 13. Qa5 Nxd5 14. Qxd8 Rfxd8
15. exd5 Bd7 16. Kb1 Rdc8 17. Na5 Bf5 18. Bd3 Nxd3 19. cxd3 h5 20. Nc6 Kf8 21.
Bf4 Bf6 22. g3 Rc7 23. Be3 Rcc8 24. Rhe1 e6 25. Bd4 Bxd4 26. Nxd4 exd5 27. Nxf5
gxf5 28. d4 Rc4 29. f4 Kg7 30. Re3 Rac8 31. Re2 Kf6 32. a3 a5 33. Ka2 b4 34.
axb4 Rxb4 35. Re3 Rcc4 36. Red3 Ke6 37. Re1+ Kd7 38. Red1 Kc6 39. R1d2 a4 40.
Ka3 Kb5 41. Ka2 Rc1 42. Re3 Rg1 43. Red3 Rb3 44. Rxb3+ axb3+ 45. Ka3 Kc4 0-1

[Event "XXVI Ogolnopolska Olimpiada Mlodziezy"]
[Site "Pulawy"]
[Date "2020.10.06"]
[Round "3.1"]
[White "Ratajczak, Hubert"]
[Black "Seemann, Jakub"]
[Result "0-1"]
[WhiteElo "1595"]
[BlackElo "2339"]
[PlyCount "196"]
[EventDate "2020.10.04"]
[EventType "swiss"]
[Tiebreak "Sum of Buchholz+Median1 Buchholz+Sonneborn-Berger (Swiss)"]

1. e4 c5 2. Nf3 d6 3. d4 cxd4 4. Nxd4 Nf6 5. Nc3 a6 6. h3 e5 7. Nb3 Be6 8. Be3
Be7 9. f4 Nc6 10. f5 Bxb3 11. axb3 Nb4 12. g3 d5 13. exd5 Nfxd5 14. Nxd5 Nxd5
15. Bg1 Bb4+ 16. Kf2 Bc5+ 17. Kg2 Bxg1 18. Kxg1 Qb6+ 19. Kh2 O-O-O 20. Qf3 e4
21. Qxe4 Rhe8 22. Qc4+ Kb8 23. Bg2 Ne3 24. Qe2 h5 25. Qf3 Rd2 26. Rhg1 Rf2 27.
Qxf2 Ng4+ 28. hxg4 Qxf2 29. Raf1 Qxc2 30. gxh5 Qe2 31. Rf3 g6 32. fxg6 fxg6 33.
Rgf1 gxh5 34. Rf7 Re7 35. Rxe7 Qxe7 36. Rf4 Ka7 37. b4 Qg7 38. b3 Qg8 39. Rf3
Qd5 40. Re3 Qd6 41. Re4 Kb8 42. Rf4 Qe6 43. Rf3 Kc7 44. Rc3+ Kb6 45. Rd3 Qg4
46. Rd6+ Ka7 47. b5 axb5 48. Rh6 Qf5 49. b4 Qg4 50. Rh7 Qxb4 51. Bxb7 Kb6 52.
Bf3 Qc3 53. Bg2 b4 54. Rh6+ Kc7 55. Rxh5 b3 56. Be4 b2 57. Rh4 Qe1 58. Kh3 Kd6
59. Kh2 Ke5 60. Bh7 b1=Q 61. Bxb1 Qxb1 62. Rf4 Qh7+ 63. Kg2 Qh5 64. Kf2 Qh2+
65. Kf3 Qg1 66. Kg4 Qh1 67. Rb4 Kf6 68. Rb6+ Kg7 69. Rb4 Qd1+ 70. Kh3 Qd7+ 71.
g4 Kg6 72. Rf4 Qd3+ 73. Kh4 Qd2 74. Kg3 Qe3+ 75. Rf3 Qg1+ 76. Kh3 Qe1 77. Rf5
Qc3+ 78. Kh4 Qe3 79. Rh5 Kf6 80. Rf5+ Ke6 81. Rh5 Qf2+ 82. Kh3 Qf3+ 83. Kh4 Qg2
84. Rf5 Ke7 85. Kg5 Qh2 86. Rd5 Ke6 87. Rf5 Qg3 88. Kh5 Qh3+ 89. Kg5 Qh2 90.
Rb5 Qd2+ 91. Kh4 Qd8+ 92. g5 Qh8+ 93. Kg4 Qd4+ 94. Kh5 Qd1+ 95. Kh6 Qh1+ 96.
Kg6 Qe4+ 97. Kh6 Kf7 98. Kh5 Qe2+ 0-1

[Event "XXVI Ogolnopolska Olimpiada Mlodziezy"]
[Site "Pulawy"]
[Date "2020.10.06"]
[Round "3.1"]
[White "Zielinska, Aleksandra"]
[Black "Szczotka, Klara"]
[Result "0-1"]
[WhiteElo "1384"]
[BlackElo "1959"]
[PlyCount "82"]
[EventDate "2020.10.04"]
[EventType "swiss"]
[Tiebreak "Sum of Buchholz+Median1 Buchholz+Sonneborn-Berger (Swiss)"]

1. e4 c5 2. Nf3 e6 3. d3 d6 4. g3 Nc6 5. Bg2 Nf6 6. O-O Be7 7. Re1 Qc7 8. c3
O-O 9. a3 Re8 10. b4 Bf8 11. Bb2 Bd7 12. bxc5 dxc5 13. d4 Qb6 14. Qd2 Na5 15.
Qc2 Rac8 16. dxc5 Bxc5 17. c4 Ng4 18. Rf1 Nxc4 19. Bc3 Bb5 20. h3 Nge3 21. fxe3
Nxe3 22. Qb2 Nd1+ 23. Kh1 Nxb2 24. Rc1 Nd3 25. Rc2 Nf2+ 26. Kh2 Nxe4 27. a4 Bd3
28. Rb2 Qc7 29. Be5 Bd6 30. Bxd6 Qxd6 31. Nbd2 Qxg3+ 32. Kg1 Nf2 33. Rb3 Nxh3+
34. Kh1 Nf4 35. Rg1 Nxg2 36. Ra3 Qh3+ 37. Nh2 Nf4 38. a5 Rc2 39. Ndf3 Rxh2+ 40.
Nxh2 Be4+ 41. Rf3 Bxf3+ 0-1

[Event "XXVI Ogolnopolska Olimpiada Mlodziezy"]
[Site "Pulawy"]
[Date "2020.10.06"]
[Round "3.2"]
[White "Chyzy, Jakub"]
[Black "Malek, Jan"]
[Result "1-0"]
[WhiteElo "2250"]
[BlackElo "1941"]
[PlyCount "63"]
[EventDate "2020.10.04"]
[EventType "swiss"]
[Tiebreak "Sum of Buchholz+Median1 Buchholz+Sonneborn-Berger (Swiss)"]

1. e4 d6 2. d4 Nf6 3. Nc3 e5 4. Nge2 Be7 5. f3 c6 6. Be3 b5 7. Qd2 Nbd7 8. g4
Nb6 9. Ng3 h5 10. g5 Nh7 11. h4 g6 12. O-O-O Nf8 13. Qf2 Qc7 14. dxe5 dxe5 15.
f4 b4 16. Nce2 Nc4 17. f5 Qa5 18. Kb1 Nxe3 19. Qxe3 Nd7 20. Bh3 Qb6 21. Qf3 Nc5
22. fxg6 fxg6 23. Bxc8 Rxc8 24. Nf5 Bf8 25. Nd6+ Bxd6 26. Rxd6 Rf8 27. Rf6 Ke7
28. Rf1 Ne6 29. Rf7+ Kd6 30. Rd1+ Kc5 31. Qf6 Rxf7 32. Qxe5+ 1-0

[Event "XXVI Ogolnopolska Olimpiada Mlodziezy"]
[Site "Pulawy"]
[Date "2020.10.06"]
[Round "3.2"]
[White "Krawczyk, Flawian"]
[Black "Sniadecki, Oskar"]
[Result "1-0"]
[WhiteElo "2114"]
[BlackElo "1577"]
[PlyCount "71"]
[EventDate "2020.10.04"]
[EventType "swiss"]
[Tiebreak "Sum of Buchholz+Median1 Buchholz+Sonneborn-Berger (Swiss)"]

1. e4 e6 2. d4 b6 3. Nf3 Bb7 4. Bd3 c5 5. c3 cxd4 6. cxd4 Nf6 7. Qe2 d6 8. O-O
Nbd7 9. Nc3 Be7 10. h3 O-O 11. Bf4 a6 12. a4 Re8 13. Rfd1 Nf8 14. Bh2 Ng6 15.
Ne1 Bf8 16. f4 Rc8 17. Bxa6 Bxa6 18. Qxa6 d5 19. e5 Ne4 20. Nxe4 dxe4 21. Qb7
Qd5 22. Qxd5 exd5 23. Rac1 Rxc1 24. Rxc1 Bb4 25. Kf2 h5 26. Rc6 Rb8 27. Nc2 Bd2
28. Ke2 Bxf4 29. Rxg6 Bxh2 30. Rc6 Kf8 31. Kf2 f6 32. exf6 gxf6 33. Ne3 Rd8 34.
Rxb6 Kg7 35. a5 Bc7 36. Rb7 1-0

[Event "XXVI Ogolnopolska Olimpiada Mlodziezy"]
[Site "Pulawy"]
[Date "2020.10.06"]
[Round "3.2"]
[White "Seemann, Pola"]
[Black "Gaszka, Zuzanna"]
[Result "0-1"]
[WhiteElo "1566"]
[BlackElo "1417"]
[PlyCount "138"]
[EventDate "2020.10.04"]
[EventType "swiss"]
[Tiebreak "Sum of Buchholz+Median1 Buchholz+Sonneborn-Berger (Swiss)"]

1. e4 e5 2. Nf3 Nc6 3. Bc4 Nf6 4. d3 Be7 5. c3 O-O 6. Bb3 d6 7. h3 Na5 8. Bc2
c5 9. Nbd2 Be6 10. O-O Nc6 11. Re1 Qc7 12. Nf1 d5 13. Ng5 h6 14. Nxe6 fxe6 15.
Ng3 Rad8 16. exd5 exd5 17. Nf5 Qd7 18. Nxe7+ Qxe7 19. Qe2 d4 20. c4 Nb4 21. Bf4
e4 22. a3 Nxc2 23. Qxc2 exd3 24. Qxd3 Qf7 25. Bh2 Rfe8 26. b4 b6 27. Re5 Rxe5
28. Bxe5 Re8 29. Qf5 Nd7 30. Qxf7+ Kxf7 31. Bg3 Ne5 32. bxc5 bxc5 33. Rb1 Nxc4
34. Rb7+ Re7 35. Rxe7+ Kxe7 36. Bb8 a6 37. a4 Nb2 38. a5 d3 39. Bf4 c4 40. Bd2
Nd1 41. Kf1 c3 42. Ke1 c2 43. f4 Nc3 44. Bc1 Ne2 45. Ba3+ Ke6 46. Kd2 Nxf4 47.
g3 Ne2 48. g4 Kd5 49. h4 Kc4 50. g5 hxg5 51. hxg5 c1=Q+ 52. Bxc1 Nxc1 53. Kxc1
g6 54. Kd1 Kb5 55. Kd2 Kxa5 56. Kxd3 Kb4 57. Ke4 a5 58. Ke5 a4 59. Kf6 a3 60.
Kxg6 a2 61. Kf7 a1=Q 62. g6 Qf1+ 63. Kg8 Kc5 64. g7 Kd6 65. Kh7 Qf5+ 66. Kh6
Qf7 67. Kh7 Qh5+ 68. Kg8 Ke6 69. Kf8 Qf7# 0-1

[Event "XXVI Ogolnopolska Olimpiada Mlodziezy"]
[Site "Pulawy"]
[Date "2020.10.06"]
[Round "3.2"]
[White "Zabrzanska, Weronika"]
[Black "Arciszewska, Zuzanna"]
[Result "1-0"]
[WhiteElo "1830"]
[BlackElo "1593"]
[PlyCount "97"]
[EventDate "2020.10.04"]
[EventType "swiss"]
[Tiebreak "Sum of Buchholz+Median1 Buchholz+Sonneborn-Berger (Swiss)"]

1. e4 e5 2. Nf3 Nc6 3. Bc4 Bc5 4. c3 Nf6 5. d3 d6 6. O-O h6 7. Re1 O-O 8. Nbd2
a6 9. Bb3 Be6 10. Nf1 Bxb3 11. Qxb3 Qd7 12. Ng3 Ng4 13. Re2 b5 14. Qd1 Ne7 15.
h3 Nf6 16. Nh4 Ng6 17. Nhf5 Nf4 18. Re1 d5 19. exd5 Qxd5 20. Ne4 Nxe4 21. dxe4
Qxd1 22. Rxd1 Ne2+ 23. Kf1 Nxc1 24. Raxc1 Rfd8 25. Ke2 h5 26. b4 Bf8 27. a3 g6
28. Ne3 c6 29. c4 Rd4 30. Rxd4 exd4 31. Nc2 Rd8 32. Rd1 Bg7 33. Kd3 g5 34. Na1
Kh7 35. Nb3 Kg6 36. cxb5 cxb5 37. Rc1 Rd6 38. Na5 Kf6 39. Rc7 Ke6 40. Nb7 Rb6
41. Nc5+ Kd6 42. Rxf7 Be5 43. g3 a5 44. f4 gxf4 45. gxf4 Bh8 46. e5+ Kd5 47.
Rd7+ Kc6 48. Rd6+ Kc7 49. Rxb6 1-0

[Event "XXVI Ogolnopolska Olimpiada Mlodziezy"]
[Site "Pulawy"]
[Date "2020.10.06"]
[Round "3.3"]
[White "Krupinski, Mikolaj"]
[Black "Fiszer, Bartosz"]
[Result "0-1"]
[WhiteElo "1776"]
[BlackElo "2225"]
[PlyCount "74"]
[EventDate "2020.10.04"]
[EventType "swiss"]
[Tiebreak "Sum of Buchholz+Median1 Buchholz+Sonneborn-Berger (Swiss)"]

1. d4 Nf6 2. c4 g6 3. Nc3 Bg7 4. e4 d6 5. h3 O-O 6. Be3 c5 7. d5 Qa5 8. Qd2 a6
9. g4 b5 10. g5 b4 11. gxf6 bxc3 12. Qxc3 Qxc3+ 13. bxc3 Bxf6 14. Kd2 Nd7 15.
Rb1 a5 16. f4 Ba6 17. Nf3 Rfb8 18. Rxb8+ Rxb8 19. Kc2 Nb6 20. Nd2 Na4 21. Bf2
Rb2+ 22. Kd3 Rxa2 23. e5 dxe5 24. fxe5 Bxe5 25. Ne4 Nb2+ 26. Ke3 Nxc4+ 27. Bxc4
Bxc4 28. Nxc5 Bxc3 29. Ne4 Be5 30. Rd1 Ra3+ 31. Kd2 Rd3+ 32. Kc2 Rxd1 33. Kxd1
Bxd5 34. Nd2 a4 35. Bc5 Bf6 36. Nb1 Be6 37. Ke1 Bxh3 0-1

[Event "XXVI Ogolnopolska Olimpiada Mlodziezy"]
[Site "Pulawy"]
[Date "2020.10.06"]
[Round "3.3"]
[White "Tokarz, Izabela"]
[Black "Pawicka, Magdalena"]
[Result "0-1"]
[WhiteElo "1549"]
[BlackElo "1775"]
[PlyCount "120"]
[EventDate "2020.10.04"]
[EventType "swiss"]
[Tiebreak "Sum of Buchholz+Median1 Buchholz+Sonneborn-Berger (Swiss)"]

1. d4 Nf6 2. c4 e6 3. Nc3 Bb4 4. e3 c5 5. Nf3 d6 6. a3 Bxc3+ 7. bxc3 O-O 8. Bd3
b6 9. e4 Bb7 10. Qe2 Nc6 11. d5 Na5 12. O-O Re8 13. Qc2 Ba6 14. Nd2 Qd7 15. f4
exd5 16. cxd5 c4 17. Be2 Nb3 18. Nxb3 cxb3 19. Qd1 Bxe2 20. Qxe2 Nxe4 21. Qd3
Qc7 22. Rf3 Qc5+ 23. Kf1 Nf6 24. Be3 Qxd5 25. Bd4 Ne4 26. f5 Qc4 27. Kg1 Qxd3
28. Rxd3 Nc5 29. Bxc5 dxc5 30. c4 b2 31. Rb1 Re2 32. Rb3 Rc2 33. R1xb2 Rxc4 34.
Rf3 Rd8 35. h3 Rc1+ 36. Kh2 f6 37. Re2 Kf7 38. Re6 Rd7 39. Rc6 Re1 40. Rc8 Re8
41. Rc6 Ree7 42. a4 Rc7 43. Rd6 Re4 44. Ra3 Rd4 45. Re6 c4 46. Rc3 Rd3 47. Rxd3
cxd3 48. Rd6 Rc3 49. Kg1 Ke7 50. Rd4 Ra3 51. Kf2 Ra2+ 52. Kf3 d2 53. g4 Rxa4
54. Rxd2 Ra3+ 55. Kf4 Ra4+ 56. Kf3 Rc4 57. Ra2 a5 58. Rb2 Rb4 59. Rc2 Kd6 60.
Re2 Rb3+ 0-1

[Event "XXVI Ogolnopolska Olimpiada Mlodziezy"]
[Site "Pulawy"]
[Date "2020.10.06"]
[Round "3.3"]
[White "Zielonka, Adam"]
[Black "Krasniewski, Maciej"]
[Result "1/2-1/2"]
[WhiteElo "1736"]
[BlackElo "1525"]
[PlyCount "61"]
[EventDate "2020.10.04"]
[EventType "swiss"]
[Tiebreak "Sum of Buchholz+Median1 Buchholz+Sonneborn-Berger (Swiss)"]

1. c4 g6 2. Nc3 Bg7 3. g3 Nf6 4. Bg2 O-O 5. e4 d6 6. Nge2 e5 7. O-O a5 8. d3
Na6 9. h3 Nc5 10. Be3 Nfd7 11. f4 exf4 12. Bxf4 Ne6 13. Be3 Ne5 14. b3 Ng5 15.
Kh2 f5 16. Qd2 h6 17. d4 Nef7 18. h4 Nxe4 19. Nxe4 fxe4 20. Bxe4 g5 21. hxg5
Nxg5 22. Bd5+ Kh8 23. Nf4 Kh7 24. Nh5 c6 25. Rxf8 Qxf8 26. Bxg5 cxd5 27. Bf4
dxc4 28. Nxg7 Qxg7 29. Qc2+ Qg6 30. Qxg6+ Kxg6 31. bxc4 1/2-1/2